000 00554cam a22001577a 4500
008 180718b2000 xxu||||| |||| 00| 0 eng d
082 _aAPPPA 99-2000 PUR/25
100 _aPuri, J.K.
245 _aPricing of telecommunication services
_cby J.K. Puri
260 _aNew Delhi
_bIndian Institute of Public Administration
_c2000
300 _a123p.
500 _aAn APPPA M.Phil. dissertation, 99-2000 (Guide: Nand Dhameja)
650 _aAPPPA
650 _aTelecommunication - Taxation - Law and Legislation - India
650 _aTelecommunication - Rates
999 _c489464
_d489464